Logo BPK

Bibliografia Prac Pracowników

Politechniki Koszalińskiej

Dydaktyczny model mikroprocesora zrealizowany na układach reprogramowalnych / (Rekord nr 152)

Szczegóły MARC
000 -ETYKIETA REKORDU
podpole kontrolne o stałej długości 01008naa a2200217 i 4500
001 - NUMER KONTROLNY REKORDU
podpole kontrolne 152
003 - IDENTYFIKATOR NUMERU KONTROLNEGO REKORDU
podpole kontrolne KOSZ 005
005 - DATA OSTATNIEJ MODYFIKACJI REKORDU
podpole kontrolne 20180217095339.0
008 - POLE O STAŁEJ DŁUGOŚCI - DANE KONTROLNE
podpole kontrolne o stałej długości 151207s2000 pl f |100 0 pol
040 ## - ŹRÓDŁO KATALOGOWANIA
Instytucja, która utworzyła rekord BPK
Instytucja, która dokonała modyfikacji KOSZ 005/EG
080 ## - UNIWERSALNA KLASYFIKACJA DZIESIĘTNA - UKD
UKD 004.2
100 1# - NAZWA OSOBOWA
Nazwa osobowa GRETKOWSKI, Dariusz.
Lata pracy 1996 - .
Instytucja Politechnika Koszalińska - Wydział Elektroniki,
Wydział Katedra Systemów Cyfrowego Przetwarzania Sygnałów
245 10 - TYTUŁ/ODPOWIEDZIALNOŚĆ
Tytuł Dydaktyczny model mikroprocesora zrealizowany na układach reprogramowalnych /
Pozostałe elementy strefy tytułu i oznaczenia odpowiedzialności D. Gretkowski, M. Łącki, R. Osowicki.
500 ## - UWAGI OGÓLNE
Tekst uwagi Dane z Informatora o publikowanych wynikach prac naukowo-badawczych w 2001 roku Wydziału Elektroniki.
650 #0 - HASŁO PRZEDMIOTOWE W FORMIE NAZWY OGÓLNEJ LUB JEDNOSTKOWEJ
Nazwa ogólna lub geograficzna Mikroprocesor - programowanie.
650 #0 - HASŁO PRZEDMIOTOWE W FORMIE NAZWY OGÓLNEJ LUB JEDNOSTKOWEJ
Nazwa ogólna lub geograficzna Układy reprogramowalne.
655 #0 - TERMIN INDEKSOWY - OKREŚLENIE RODZAJU/FORMY DOKUMENTU
Określnie rodzaju/formy dokumentu Materiały konferencyjne.
711 22 - HASŁO DODATKOWE - NAZWA IMPREZY
Nazwa imprezy RUC 2000
Oznaczenie części/sekcji dzieła (3 ;
Data imprezy 2000 ;
Miejsce imprezy Szczecin, Polska).
773 0# - TYTUŁ DOKUMENTU MACIERZYSTEGO
Wyrażenie wprowadzające W :
Tytuł Materiały III Konferencji Krajowej "Reprogramowalne układy cyfrowe', RUC`2000. -
Adres wydawniczy Szczecin, 2000. -
Informacje dotyczące relacji s. 319-326
942 ## - HASŁO DODATKOWE - ELEMENTY(KOHA)
Typ dokumentu Rozdział
Schemat klasyfikacji Uniwersalna klasyfikacja dziesiętna

Brak dostępnych egzemplarzy.

© 2014 Biblioteka Politechniki Koszalińskiej :: BIBLIOGRAFIA PRAC PRACOWNIKÓW